Statistics for Cities of Albania

Click here to take the quiz!

General Stats

  • This quiz has been taken 59 times
  • The average score is 8 of 10

Answer Stats

AnswerPopulation% Correct
Tirana858,262
98%
Durrës201,519
96%
Vlorë141,513
92%
Shkodër102,075
90%
Elbasan126,703
84%
Korçë51,152
78%
Fier55,845
76%
Berat32,606
71%
Lushnjë31,105
55%
Kamëz66,814
22%

Score Distribution

Percentile by Number Answered

Percent of People with Each Score

Your Score History

You have not taken this quiz